Statistics for All Country Borders by Increasing Length

Click here to take the quiz!

General Stats

  • This quiz has been taken 5,408 times
  • The average score is 94 of 317

Answer Stats

LBBordering Countries% Correct
0.154-8Botswana-Zambia SU
89%
3.26-1Italy-Vatican City FM
77%
4.411-1France-Monaco AT
74%
1.25-2Spain-United Kingdom IV
67%
10.211-3France-Netherlands MS
63%
396-1Italy-San Marino LS
63%
193-14North Korea-Russia CM
62%
56.62-11Andorra-France DS
61%
95-8Azerbaijan-Turkey FN
61%
412-5Liechtenstein-Switzerland AF
61%
358-2Austria-Liechtenstein IS
59%
601-7Qatar-Saudi Arabia MS
57%
7311-3France-Luxembourg AC
56%
173-5Morocco-Spain NR
56%
63.72-5Andorra-Spain DG
55%
766-14Afghanistan-China IS
54%
583-3Djibouti-Somalia QS
54%
681-9Denmark-Germany FL
53%
255-5Croatia-Montenegro AI
52%
354-7Armenia-Iran AL
51%
794-2Israel-Lebanon KM
49%
764-5Israel-Syria IL
49%
88931-2Canada-United States
48%
794-5Kosovo-Montenegro CN
48%
625-8Macedonia-Serbia AS
47%
1389-3Germany-Luxembourg BL
45%
1027-4Hungary-Slovenia HU
45%
1037-7Hungary-Ukraine MS
45%
918-5Austria-Slovakia LP
44%
1484-3Belgium-Luxembourg BM
44%
876-4Chad-Nigeria AS
44%
914-7Lithuania-Poland SU
44%
975-7Slovakia-Ukraine HS
44%
1093-3Djibouti-Eritrea AK
43%
1963-14Norway-Russia AR
43%
1124-4Albania-Kosovo MS
42%
1376-5Afghanistan-Uzbekistan GL
41%
1266-3Burkina Faso-Togo AU
41%
68465-14Kazakhstan-Russia CU
41%
1245-8Montenegro-Serbia BT
41%
1056-2Mozambique-Swaziland DE
41%
2067-14Poland-Russia CS
41%
1415-4Belarus-Latvia BL
40%
1674-9Belgium-Germany RU
40%
3601-1Dominican Republic-Haiti IU
40%
1485-5Bulgaria-Macedonia AM
39%
2281-3East Timor-Indonesia IS
39%
3601-2Ireland-United Kingdom AC
39%
2274-14Lithuania-Russia EI
39%
1694-5Rwanda-Uganda AM
39%
1514-5Albania-Macedonia HS
38%
1724-5Albania-Montenegro IJ
38%
2014-5Angola-Republic of the Congo EG
38%
1644-4Armenia-Georgia AS
38%
1648-5Austria-Switzerland BG
38%
1896-2Cameroon-Equatorial Guinea BM
38%
1603-5Chile-Peru AG
38%
467714-2China-Mongolia AC
38%
2032-4El Salvador-Guatemala GT
38%
1517-8Hungary-Serbia KM
38%
1594-5Kosovo-Macedonia CP
38%
2174-14Latvia-Russia RT
38%
53005-3Argentina-Chile KR
37%
364514-14China-Russia BI
37%
2942-14Estonia-Russia CG
37%
1816-4Iraq-Jordan CE
37%
2383-1North Korea-South Korea BT
37%
1932-5Bangladesh-Myanmar NR
36%
2064-8Greece-Turkey PR
36%
2326-4Italy-Slovenia KS
36%
2222-7Kuwait-Saudi Arabia BM
36%
2333-9Burundi-Democratic Republic of the Congo NZ
35%
2255-2Colombia-Panama SZ
35%
34852-14Mongolia-Russia CR
35%
2334-8Namibia-Zambia LM
35%
2174-8Rwanda-Tanzania KS
35%
2845-14Azerbaijan-Russia OY
34%
2502-3Belize-Mexico GT
34%
2253-5Bosnia and Herzegovina-Montenegro CP
34%
2179-4Democratic Republic of the Congo-Rwanda LR
34%
2406-2Iraq-Kuwait CS
34%
2325-6Kenya-South Sudan BD
34%
2256-4South Africa-Zimbabwe LR
34%
4702-14Bhutan-China MT
33%
3811-3Brunei-Malaysia LS
33%
2405-8Bulgaria-Turkey IK
33%
2903-4Burundi-Rwanda ER
33%
2415-8Croatia-Serbia GM
33%
2154-5Czech Republic-Slovakia DR
33%
2464-5Greece-Macedonia BM
33%
2355-5Laos-Myanmar NS
33%
2883-2Oman-Yemen BR
33%
2824-4Albania-Greece AR
32%
3668-7Austria-Hungary JS
32%
40532-7Bangladesh-India CM
32%
2662-4Belize-Guatemala BN
32%
2664-7Benin-Niger AT
32%
42314-5China-Laos AI
32%
3092-2Costa Rica-Nicaragua BS
32%
3302-2Costa Rica-Panama GS
32%
2524-8Georgia-Turkey GH
32%
2564-3Guatemala-Honduras BG
32%
2684-8Armenia-Turkey EI
31%
3628-4Austria-Czech Republic AH
31%
3064-6Benin-Burkina Faso LS
31%
2986-3Cameroon-Gabon BS
31%
338014-7China-India BB
31%
41414-4China-Tajikistan MS
31%
3493-6Djibouti-Ethiopia EG
31%
2773-4Egypt-Israel AG
31%
3502-3Equatorial Guinea-Gabon IT
31%
45111-9France-Germany LL
31%
3349-5Germany-Switzerland IJ
31%
3354-4Israel-Jordan GS
31%
3754-5Jordan-Syria LS
31%
3752-5Lebanon-Syria KT
31%
3063-2Liberia-Sierra Leone CN
31%
3308-4Austria-Slovenia CP
30%
3225-4Azerbaijan-Georgia CH
30%
34005-10Bolivia-Brazil MR
30%
3023-8Bosnia and Herzegovina-Serbia BB
30%
3185-8Bulgaria-Serbia AG
30%
3295-7Croatia-Hungary AS
30%
3422-3El Salvador-Honduras DE
30%
3392-4Estonia-Latvia EH
30%
4569-7Germany-Poland SU
30%
3382-5Guinea-Bissau-Senegal TZ
30%
3306-5Guinea-Senegal GS
30%
3795-4Kazakhstan-Turkmenistan BM
30%
3524-8Kosovo-Serbia LN
30%
4534-4Latvia-Lithuania GP
30%
31413-2Mexico-United States CI
30%
3388-8Tanzania-Zambia EL
30%
4308-6Austria-Italy SS
29%
4599-8Democratic Republic of the Congo-Tanzania LT
29%
48811-6France-Italy MS
29%
3866-2Guinea-Guinea-Bissau TU
29%
3526-8Iraq-Turkey KS
29%
3546-7Libya-Niger DH
29%
4306-2South Africa-Swaziland AI
29%
4325-7Azerbaijan-Iran SU
28%
4075-7Belarus-Poland OU
28%
67310-11Brazil-France OS
28%
51011-3France-Suriname CR
28%
4437-5Hungary-Romania PS
28%
3836-7Libya-Sudan GG
28%
4197-5Mali-Senegal MZ
28%
4196-8Mozambique-Zambia CL
28%
4103-2Oman-United Arab Emirates CT
28%
4577-2Saudi Arabia-United Arab Emirates DT
28%
3968-5Tanzania-Uganda BP
28%
4504-3Belgium-Netherlands MR
27%
4513-8Burundi-Tanzania FG
27%
123614-2China-Nepal ES
27%
52314-4China-Pakistan PU
27%
62311-5France-Spain BN
27%
57311-5France-Switzerland GN
27%
4502-5Moldova-Romania BT
27%
4447-5Poland-Slovakia BN
27%
4356-5South Sudan-Uganda HR
27%
4636-4Algeria-Mauritania CR
26%
6204-11Belgium-France FS
26%
129010-3Brazil-Paraguay FR
26%
59710-3Brazil-Suriname GS
26%
13403-14Finland-Russia BN
26%
29127-4India-Pakistan MU
26%
4596-2Libya-Tunisia AM
26%
4753-8Malawi-Tanzania RS
26%
157614-7Russia-Ukraine CD
26%
12245-10Argentina-Brazil CV
25%
164310-5Brazil-Colombia CN
25%
156010-5Brazil-Peru MM
25%
4676-5Central African Republic-Republic of the Congo BC
25%
128114-3China-Vietnam BP
25%
5779-3Germany-Netherlands AU
25%
5063-4Malaysia-Thailand FS
25%
6763-7Oman-Saudi Arabia HS
25%
5267-7Poland-Ukraine RU
25%
4765-8Romania-Serbia CS
25%
5315-7Romania-Ukraine CM
25%
5795-2Argentina-Uruguay BC
24%
5025-4Belarus-Lithuania MT
24%
9595-14Belarus-Russia GM
24%
6052-7Bhutan-India ES
24%
220010-3Brazil-Venezuela KU
24%
4945-4Bulgaria-Greece IT
24%
5236-5Cameroon-Republic of the Congo CP
24%
4836-7Central African Republic-Sudan FI
24%
141614-3China-North Korea EP
24%
7401-5Gambia-Senegal IS
24%
6777-5Hungary-Slovakia CS
24%
4997-8Iran-Turkey BL
24%
22035-5Kazakhstan-Uzbekistan MM
24%
4916-6Mozambique-South Africa BG
24%
24306-4Afghanistan-Pakistan AD
23%
25114-9Angola-Democratic Republic of the Congo IP
23%
111910-3Brazil-Guyana TU
23%
98510-2Brazil-Uruguay IT
23%
6085-5Bulgaria-Romania CG
23%
5496-3Burkina Faso-Ghana GL
23%
6286-7Burkina Faso-Niger DS
23%
15776-9Central African Republic-Democratic Republic of the Congo ES
23%
153314-5China-Kazakhstan BP
23%
21855-14China-Myanmar BV
23%
5325-7Cote d'Ivoire-Mali CL
23%
6584-7Czech Republic-Poland CG
23%
24109-5Democratic Republic of the Congo-Republic of the Congo AP
23%
6289-6Democratic Republic of the Congo-South Sudan BT
23%
16006-3Ethiopia-Somalia AM
23%
6143-2Finland-Sweden BF
23%
7234-14Georgia-Russia FN
23%
6003-3Guyana-Suriname BI
23%
8203-1Indonesia-Papua New Guinea MN
23%
22377-4Mali-Mauritania DR
23%
16193-2Norway-Sweden TU
23%
7848-9Austria-Germany AA
22%
6444-3Benin-Togo GS
22%
5846-5Burkina Faso-Cote d'Ivoire CE
22%
5413-5Cambodia-Laos BG
22%
12283-3Cambodia-Vietnam MZ
22%
85814-4China-Kyrgyzstan GM
22%
5905-2Colombia-Ecuador BS
22%
6105-6Cote d'Ivoire-Guinea FS
22%
12733-7Egypt-Sudan CV
22%
6053-7Eritrea-Sudan IS
22%
5636-3Guinea-Liberia FS
22%
6526-2Guinea-Sierra Leone CP
22%
16907-2India-Nepal LT
22%
6056-5Iraq-Syria BR
22%
7406-5Italy-Switzerland GV
22%
9091-6Lesotho-South Africa EE
22%
12316-4Mozambique-Zimbabwe CN
22%
12141-5Portugal-Spain AB
22%
14587-2Saudi Arabia-Yemen IM
22%
7446-4Afghanistan-Turkmenistan JS
21%
16016-3Algeria-Morocco NS
21%
13604-4Botswana-Namibia CS
21%
16906-4Cameroon-Nigeria IN
21%
6826-6Central African Republic-South Sudan KS
21%
13606-7Chad-Sudan AM
21%
20505-3Colombia-Venezuela LV
21%
6685-3Cote d'Ivoire-Ghana CS
21%
7165-3Cote d'Ivoire-Liberia ES
21%
19309-8Democratic Republic of the Congo-Zambia SS
21%
14202-5Ecuador-Peru II
21%
7363-3Finland-Norway GS
21%
7433-3Guyana-Venezuela AT
21%
17823-3Indonesia-Malaysia MT
21%
14587-6Iran-Iraq SY
21%
6825-3Kenya-Somalia CL
21%
7566-8Mozambique-Tanzania DU
21%
16214-5Turkmenistan-Uzbekistan BC
21%
13766-7Algeria-Mali AN
20%
18805-3Argentina-Paraguay GR
20%
7874-5Armenia-Azerbaijan CC
20%
7734-4Benin-Nigeria AG
20%
7505-3Bolivia-Paraguay MT
20%
10006-7Burkina Faso-Mali KK
20%
11756-7Chad-Niger CC
20%
14965-5Colombia-Peru NN
20%
6705-4Croatia-Slovenia BF
20%
8154-9Czech Republic-Germany IP
20%
7659-5Democratic Republic of the Congo-Uganda KT
20%
11153-6Egypt-Libya BG
20%
9123-6Eritrea-Ethiopia HN
20%
7236-7Ethiopia-Sudan GR
20%
19033-5Gabon-Republic of the Congo DZ
20%
9223-2Honduras-Nicaragua BC
20%
9927-4Iran-Turkmenistan BM
20%
7444-7Jordan-Saudi Arabia BP
20%
7695-8Kenya-Tanzania BN
20%
17545-4Laos-Thailand IM
20%
21305-3Laos-Vietnam CM
20%
8217-7Mali-Niger ST
20%
15614-3Mauritania-Morocco MM
20%
18005-4Myanmar-Thailand BS
20%
14977-4Niger-Nigeria CK
20%
19376-7South Sudan-Sudan CV
20%
11614-5Tajikistan-Uzbekistan CN
20%
7978-4Zambia-Zimbabwe CT
20%
12066-4Afghanistan-Tajikistan PS
19%
9826-6Algeria-Libya BU
19%
9656-2Algeria-Tunisia NS
19%
13764-4Angola-Namibia CN
19%
8325-5Argentina-Bolivia MZ
19%
8615-3Bolivia-Chile EK
19%
9323-5Bosnia and Herzegovina-Croatia KU
19%
18404-6Botswana-South Africa AP
19%
8134-4Botswana-Zimbabwe MS
19%
8033-4Cambodia-Thailand BZ
19%
7976-6Cameroon-Central African Republic ZZ
19%
11976-6Central African Republic-Chad AT
19%
10556-6Chad-Libya CC
19%
9624-3Guatemala-Mexico AT
19%
8586-7Guinea-Mali BC
19%
14635-7India-Myanmar CP
19%
8146-7Iraq-Saudi Arabia CG
19%
10515-4Kazakhstan-Kyrgyzstan CL
19%
15693-6Malawi-Mozambique RU
19%
8373-8Malawi-Zambia CK
19%
8134-5Mauritania-Senegal IS
19%
8225-8Syria-Turkey AB
19%
9366-7Afghanistan-Iran MU
18%
11104-8Angola-Zambia EL
18%
9005-5Bolivia-Peru IP
18%
10946-6Cameroon-Chad KU
18%
8616-5Ethiopia-Kenya KT
18%
8836-6Ethiopia-South Sudan BU
18%
8773-3Ghana-Togo ES
18%
9097-4Iran-Pakistan LS
18%
8704-4Kyrgyzstan-Tajikistan GT
18%
10994-5Kyrgyzstan-Uzbekistan AZ
18%
9674-6Namibia-South Africa AL
18%
9566-7Algeria-Niger BR
17%
8915-7Belarus-Ukraine BP
17%
9335-5Kenya-Uganda AI
17%
9392-7Moldova-Ukraine AN
17%

Score Distribution

Percentile by Number Answered

Percent of People with Each Score

Your Score History

You have not taken this quiz